[Event "GER-chT U10"]
[Site "Magdeburg"]
[Date "2015.12.28"]
[Round "3.2"]
[White "Grabbel, Torben Frederik"]
[Black "Roessler, Philipp Alexander"]
[Result "1-0"]
[WhiteElo "981"]
[BlackElo "1034"]
[PlyCount "41"]
[EventDate "2015.12.27"]
[EventType "team-swiss"]
[EventRounds "7"]
[EventCountry "GER"]
[SourceTitle "EXT 2017"]
[Source "ChessBase"]
[SourceDate "2016.10.25"]
[SourceVersion "1"]
[SourceVersionDate "2016.10.25"]
[SourceQuality "1"]
[WhiteTeam "Hamburger SK II"]
[BlackTeam "Oberland"]
[WhiteTeamCountry "GER"]
[BlackTeamCountry "GER"]

1. d4 d5 2. c4 dxc4 3. e4 Nf6 4. Nc3 e6 5. Bxc4 c5 6. d5 exd5 7. exd5 Be7 8. Nf3 0-0 9. Be3 Nbd7 10. d6 Bxd6 11. Qxd6 Re8 12. 0-0 a6 13. Bxc5 b5 14. Bb3 Re6 15. Bxe6 fxe6 16. Qxe6+ Kh8 17. Rad1 Qc7 18. Bd4 Ng8 19. Ng5 Nc5 20. Nf7+ Qxf7 21. Qxf7 1-0

[Event "GER-chT U10"]
[Site "Magdeburg"]
[Date "2015.12.27"]
[Round "2.2"]
[White "Roessler, Philipp Alexander"]
[Black "Lindner, Ben"]
[Result "0-1"]
[WhiteElo "1034"]
[BlackElo "1133"]
[PlyCount "34"]
[EventDate "2015.12.27"]
[EventType "team-swiss"]
[EventRounds "7"]
[EventCountry "GER"]
[SourceTitle "EXT 2017"]
[Source "ChessBase"]
[SourceDate "2016.10.25"]
[SourceVersion "1"]
[SourceVersionDate "2016.10.25"]
[SourceQuality "1"]
[WhiteTeam "Oberland"]
[BlackTeam "Leipzig Gruen Weiss"]
[WhiteTeamCountry "GER"]
[BlackTeamCountry "GER"]

1. e4 e5 2. Nf3 Nc6 3. Bc4 Bc5 4. c3 Nf6 5. d4 exd4 6. cxd4 Bb6 7. e5 d5 8. exf6 dxc4 9. fxg7 Rg8 10. Bh6 Qe7+ 11. Qe2 Qxe2+ 12. Kxe2 Nxd4+ 13. Nxd4 Bxd4 14. Nc3 Bxg7 15. Bxg7 Rxg7 16. Rhe1 Kf8 17. Kf1 Bd7 0-1

[Event "GER-chT U10"]
[Site "Magdeburg"]
[Date "2014.12.28"]
[Round "4.1"]
[White "Roessler, Philipp Alexander"]
[Black "Ho, Ngoc Hai Dang"]
[Result "0-1"]
[WhiteElo "915"]
[BlackElo "974"]
[PlyCount "68"]
[EventDate "2014.12.27"]
[EventType "team-swiss"]
[EventRounds "7"]
[EventCountry "GER"]
[SourceTitle "EXT 2016"]
[Source "ChessBase"]
[SourceDate "2015.10.08"]
[SourceVersion "1"]
[SourceVersionDate "2015.10.08"]
[SourceQuality "1"]
[WhiteTeam "Oberland"]
[BlackTeam "Berlin Schachunion II"]
[WhiteTeamCountry "GER"]
[BlackTeamCountry "GER"]

1. e4 e5 2. Nf3 Nc6 3. Bc4 Bc5 4. c3 Nf6 5. d4 exd4 6. cxd4 Bb4+ 7. Nc3 Nxe4 8. 0-0 0-0 9. a3 Nxc3 10. bxc3 Bxc3 11. Rb1 d5 12. Bd3 g6 13. Bh6 Re8 14. Qc2 Bxd4 15. Nxd4 Nxd4 16. Qd2 Bh3 17. gxh3 Nf3+ 18. Kh1 Nxd2 19. Bxd2 Qd6 20. Rg1 Qxa3 21. Bb5 Re2 22. Bh6 Qxh3 23. Bxe2 Qxh6 24. Rxb7 Qd2 25. Bf3 c6 26. Rd1 Qxf2 27. Bg2 Qe2 28. Rdb1 a5 29. Rf1 Rf8 30. Rc7 d4 31. Rxc6 a4 32. Rd6 d3 33. Rf4 d2 34. Bf3 Qf1# 0-1

[Event "Sachsen-ch U08 op"]
[Site "Sebnitz"]
[Date "2013.10.29"]
[Round "3"]
[White "Roessler, Philipp Alexander"]
[Black "Kindt, Ellen"]
[Result "1-0"]
[WhiteElo "696"]
[BlackElo "802"]
[PlyCount "71"]
[EventDate "2013.10.28"]
[EventType "swiss"]
[EventRounds "9"]
[EventCountry "GER"]
[SourceTitle "EXT 2018"]
[Source "ChessBase"]
[SourceDate "2017.10.13"]
[SourceVersion "1"]
[SourceVersionDate "2017.10.13"]
[SourceQuality "1"]

1. e4 e5 2. Nf3 Nc6 3. Bc4 Nf6 4. Nxe5 Nxe5 5. Bd5 Bc5 6. Nc3 d6 7. d4 Bg4 8. f3 Nxf3+ 9. gxf3 Bxf3 10. Qxf3 Bxd4 11. Be3 Bxe3 12. Qxe3 Ng4 13. Qg3 Nf6 14. 0-0-0 c6 15. Bc4 0-0 16. e5 g6 17. exf6 Qxf6 18. Rxd6 Qe7 19. Rhd1 a6 20. Re1 Rae8 21. Rxe7 Rxe7 22. Qd3 Re1+ 23. Kd2 Rfe8 24. Rd8 R1e7 25. Rxe8+ Rxe8 26. Qf3 Rf8 27. Ne4 b5 28. Bb3 a5 29. Nf6+ Kg7 30. c3 a4 31. Bc2 Rd8+ 32. Bd3 Kf8 33. Qxc6 Ke7 34. Nd5+ Kf8 35. Qc5+ Ke8 36. Qe7# 1-0

[Event "Sachsen-ch U08"]
[Site "Sebnitz"]
[Date "2013.04.03"]
[Round "2"]
[White "Haufe, Laurin"]
[Black "Roessler, Philipp Alexander"]
[Result "1-0"]
[WhiteElo "1108"]
[BlackElo "714"]
[PlyCount "53"]
[EventDate "2013.04.02"]
[EventType "swiss"]
[EventRounds "7"]
[EventCountry "GER"]
[SourceTitle "EXT 2014"]
[Source "ChessBase"]
[SourceDate "2013.11.20"]
[SourceVersion "1"]
[SourceVersionDate "2013.11.20"]
[SourceQuality "1"]

1. e4 e5 2. Nf3 Nc6 3. d4 exd4 4. Nxd4 Nxd4 5. Qxd4 Nf6 6. Bg5 d6 7. Bxf6 gxf6 8. Bc4 c5 9. Qd5 Be6 10. Qd3 Bxc4 11. Qxc4 Rg8 12. 0-0 f5 13. exf5 Qg5 14. Qe4+ Be7 15. Qxb7 Rd8 16. Re1 d5 17. g3 Rd7 18. Qc8+ Rd8 19. Qc6+ Rd7 20. f6 Qxf6 21. Qxf6 Kf8 22. Qh6+ Rg7 23. Nc3 Bg5 24. Re8+ Kxe8 25. Qxg7 Be7 26. Re1 h6 27. Qg8# 1-0